History Quiz

Random History or Century Quiz
Score 0/21 Timer 06:00
6 Plays Today
% Correct
1800s
76.7%
0s
66.1%
1900s
64.6%
2000s
53.7%
1600s
53.6%
1700s
50.2%
800s
40.8%
100s
39.7%
1400s
39.5%
1500s
38.8%
200s
31.6%
% Correct
300s
30.3%
1000s
29.6%
1300s
26.7%
900s
25.8%
400s
25.5%
500s
22.9%
1100s
21.6%
1200s
21%
700s
20.3%
600s
17.1%
Remove Ads.
Support Sporcle.
Get the best of Sporcle when you Go Orange. This ad-free experience offers more features, more stats, and more fun while also helping to support Sporcle. Thank you for becoming a member.

You're not logged in!

Compare scores with friends on all Sporcle quizzes.
OR
Log In

Show Comments

Extras

Top Quizzes Today


Score Distribution

Your Account Isn't Verified!

In order to create a playlist on Sporcle, you need to verify the email address you used during registration. Go to your Sporcle Settings to finish the process.

Report this User

Report this user for behavior that violates our Community Guidelines.

Details: